Famous Modern Ghost Stories (Record no. 244398)
[ view plain ]
| 000 -LEADER | |
|---|---|
| fixed length control field | 01978cam a22004333a 4500 |
| 001 - CONTROL NUMBER | |
| control field | 15143 |
| 003 - CONTROL NUMBER IDENTIFIER | |
| control field | PGUSA |
| 005 - DATE AND TIME OF LATEST TRANSACTION | |
| control field | 20140828083326.0 |
| 008 - FIXED-LENGTH DATA ELEMENTS--GENERAL INFORMATION | |
| fixed length control field | 050222s2005||||xxu|||||s|||||000 | eng d |
| 040 ## - CATALOGING SOURCE | |
| Original cataloging agency | PGUSA |
| Language of cataloging | eng |
| 042 ## - AUTHENTICATION CODE | |
| Authentication code | dc |
| 050 #4 - LIBRARY OF CONGRESS CALL NUMBER | |
| Classification number | PN |
| 245 10 - TITLE STATEMENT | |
| Title | Famous Modern Ghost Stories |
| Medium | [electronic resource] |
| 260 ## - PUBLICATION, DISTRIBUTION, ETC. (IMPRINT) | |
| Name of publisher, distributor, etc | Project Gutenberg, |
| Date of publication, distribution, etc | 2005 |
| 505 0# - FORMATTED CONTENTS NOTE | |
| Formatted contents note | The willows / Algernon Blackwood -- The shadows on the wall / Mary E. Wilkins Freeman -- The messenger / Robert W. Chambers -- Lazarus / Leonid Andreyev -- The beast with five fingers / W.F. Harvey -- The mass of shadows / Anatole France -- What was it? / Fitz James O'Brien -- The middle toe of the right foot / Ambrose Bierce -- The shell of sense / Olivia Howard Dunbar -- The woman at Seven Brothers / Wilbur Daniel Steele -- At the gate / Myla Jo Closser -- Ligeia / Edgar Allan Poe -- The haunted orchard / Richard Le Gallienne -- The bowmen / Arthur Machen -- A ghost / Guy de Maupassant. |
| 506 ## - RESTRICTIONS ON ACCESS NOTE | |
| Terms governing access | Public domain in the USA. |
| 516 ## - TYPE OF COMPUTER FILE OR DATA NOTE | |
| Type of computer file or data note | Electronic text |
| 653 ## - INDEX TERM--UNCONTROLLED | |
| Uncontrolled term | Ghost stories |
| 653 ## - INDEX TERM--UNCONTROLLED | |
| Uncontrolled term | Short stories |
| 700 1# - ADDED ENTRY--PERSONAL NAME | |
| Personal name | Bierce, Ambrose, |
| Dates associated with a name | 1842-1913 |
| 700 1# - ADDED ENTRY--PERSONAL NAME | |
| Personal name | Dunbar, Olivia Howard, |
| Dates associated with a name | 1873-1953 |
| 700 1# - ADDED ENTRY--PERSONAL NAME | |
| Personal name | France, Anatole, |
| Dates associated with a name | 1844-1924 |
| 700 1# - ADDED ENTRY--PERSONAL NAME | |
| Personal name | Poe, Edgar Allan, |
| Dates associated with a name | 1809-1849 |
| 700 1# - ADDED ENTRY--PERSONAL NAME | |
| Personal name | Machen, Arthur, |
| Dates associated with a name | 1863-1947 |
| 700 1# - ADDED ENTRY--PERSONAL NAME | |
| Personal name | Andreyev, Leonid, |
| Dates associated with a name | 1871-1919 |
| 700 1# - ADDED ENTRY--PERSONAL NAME | |
| Personal name | Le Gallienne, Richard, |
| Dates associated with a name | 1866-1947 |
| 700 1# - ADDED ENTRY--PERSONAL NAME | |
| Personal name | Harvey, William Fryer, |
| Dates associated with a name | 1885-1937 |
| 700 1# - ADDED ENTRY--PERSONAL NAME | |
| Personal name | Maupassant, Guy de, |
| Dates associated with a name | 1850-1893 |
| 700 1# - ADDED ENTRY--PERSONAL NAME | |
| Personal name | Chambers, Robert W. |
| Fuller form of name | (Robert William), |
| Dates associated with a name | 1865-1933 |
| 700 1# - ADDED ENTRY--PERSONAL NAME | |
| Personal name | Freeman, Mary Eleanor Wilkins, |
| Dates associated with a name | 1852-1930 |
| 700 1# - ADDED ENTRY--PERSONAL NAME | |
| Personal name | Steele, Wilbur Daniel, |
| Dates associated with a name | 1886-1970 |
| 700 1# - ADDED ENTRY--PERSONAL NAME | |
| Personal name | O'Brien, Fitz James, |
| Dates associated with a name | 1828-1862 |
| 700 1# - ADDED ENTRY--PERSONAL NAME | |
| Personal name | Blackwood, Algernon, |
| Dates associated with a name | 1869-1951 |
| 700 1# - ADDED ENTRY--PERSONAL NAME | |
| Personal name | Scarborough, Dorothy, |
| Dates associated with a name | 1878-1935 |
| 700 1# - ADDED ENTRY--PERSONAL NAME | |
| Personal name | Closser, Myla Jo |
| 830 #0 - SERIES ADDED ENTRY--UNIFORM TITLE | |
| Uniform title | Project Gutenberg |
| Volume number/sequential designation | 15143 |
| 856 40 - ELECTRONIC LOCATION AND ACCESS | |
| Uniform Resource Identifier | <a href="http://www.gutenberg.org/ebooks/15143">http://www.gutenberg.org/ebooks/15143</a> |
| 942 ## - ADDED ENTRY ELEMENTS (KOHA) | |
| Koha item type | eBooks |
| Withdrawn status | Lost status | Damaged status | Home library | Current library | Date acquired | Total Checkouts | Date last seen | Price effective from | Koha item type |
|---|---|---|---|---|---|---|---|---|---|
| Project Gutenberg | Project Gutenberg | 08/28/2014 | 08/28/2014 | 08/28/2014 | eBooks |